Things fall apart

Wedi'i Gadw mewn:
Manylion Llyfryddiaeth
Prif Awdur: Achebe, Chinua (Awdur)
Fformat: Llyfr
Iaith:Saesneg
Cyhoeddwyd: Nueva York Anchor Books 1994
Rhifyn:1a. ed
Pynciau:
Tagiau: Ychwanegu Tag
Dim Tagiau, Byddwch y cyntaf i dagio'r cofnod hwn!

MARC

LEADER 00000cam a2200000 a 4500
001 UCC0404
003 CL-VaPUC
008 170811e19940000us |||||||||||||||||eng|d
020 |a 0385474547 
082 0 4 |a 896.3  |b ACH  |2 21 
100 0 |a Achebe, Chinua  |e author  |9 594358 
245 1 0 |a Things fall apart 
250 |a 1a. ed 
300 |a 209 p 
942 |c BK 
945 |d 20170811 15:21:00  |a dcastane 
260 |a Nueva York  |b Anchor Books  |c 1994 
650 7 |a NOVELAS AFRICANAS  |2 CL-VaPUC  |9 421016 
650 0 |a Literatura africana  |9 421017 
583 |a last modification  |c 20170811 15:21:00  |k Rodrigo Vera 
999 |c 369255  |d 369253